Journalism and Electronic Media / (Record no. 41158)
[ view plain ]
| 000 -LEADER | |
|---|---|
| fixed length control field | 00828nam a2200277 a 4500 |
| 001 - CONTROL NUMBER | |
| control field | 41158 |
| 003 - CONTROL NUMBER IDENTIFIER | |
| rucl marc code | (BD-RJUL) |
| 005 - DATE AND TIME OF LATEST TRANSACTION | |
| control field | 20211209053335.0 |
| 008 - FIXED-LENGTH DATA ELEMENTS--GENERAL INFORMATION | |
| fixed length control field | 160516s2008 ii a b 001 0 eng |
| 035 ## - SYSTEM CONTROL NUMBER | |
| System control number | (BD-RJUL) 41274 |
| System control number | (BD-RJUL) |
| System control number | GLIS00620190 |
| System control number | (OCoLC)24792433 |
| 040 ## - CATALOGING SOURCE | |
| Original cataloging agency | DLC |
| Transcribing agency | DLC |
| Modifying agency | MYG |
| -- | (BD-RJUL) |
| -- | UKM |
| Language of cataloging | eng |
| 041 ## - LANGUAGE CODE | |
| Language code of text/sound track or separate title | eng |
| 082 ## - DEWEY DECIMAL CLASSIFICATION NUMBER | |
| Edition number | 23 |
| Classification number | 302.2310954 |
| Author mark and year | BAJ 2008 |
| 099 ## - LOCAL FREE-TEXT CALL NUMBER (OCLC) | |
| Bangla Class number | PN4784.E53.K63 1991 |
| 100 1# - MAIN ENTRY--PERSONAL NAME | |
| Personal name | Bansal S. K. |
| Dates associated with a name | 1949- |
| 9 (RLIN) | 126601 |
| 245 10 - TITLE STATEMENT | |
| Title | Journalism and Electronic Media / |
| Statement of responsibility, etc. | S. K. Bansal |
| 260 ## - PUBLICATION, DISTRIBUTION, ETC. (IMPRINT) | |
| Place of publication, distribution, etc. | New Delhi : |
| Name of publisher, distributor, etc. | A.P.H., |
| Date of publication, distribution, etc. | 2008 |
| 300 ## - PHYSICAL DESCRIPTION | |
| Pagination | ix, 256 p. ; |
| Size | 22 cm. |
| 504 ## - BIBLIOGRAPHY, ETC. NOTE | |
| Bibliography, etc | Includes bibliographical references (p. [341]-351) and index. |
| 650 #0 - SUBJECT ADDED ENTRY--TOPICAL TERM | |
| Topical term or geographic name as entry element | Journalism -- India. |
| 9 (RLIN) | 126602 |
| 942 ## - ADDED ENTRY ELEMENTS (KOHA) | |
| Source of classification or shelving scheme | Dewey Decimal Classification |
| Koha item type | Books |
| Lost status | Source of classification or shelving scheme | Damaged status | Not for loan | Collection code | Permanent Location | Current Location | Shelving location | Date acquired | Source of acquisition | Cost, normal purchase price | Total Checkouts | Full call number | Date last seen | Date checked out | Copy number | Koha item type |
|---|---|---|---|---|---|---|---|---|---|---|---|---|---|---|---|---|
| Dewey Decimal Classification | Non-fiction | Central Library, University of Rajshahi | Central Library, University of Rajshahi | 20/09/2010 | Dhaka : Paragon Enterprise | 595.00 | 1 | 302.2310954 BAJ 2008 | 02/12/2024 | 17/11/2024 | C-2 | Books | ||||
| Dewey Decimal Classification | Not For Loan | Non-fiction | Central Library, University of Rajshahi | Central Library, University of Rajshahi | Reading Room | 22/04/2009 | Dhaka,Paragon Enterprise Lit., | 595.00 | 302.2310954 BAJ 2008 | 03/12/2016 | C-1 | Books |